| 000 | 01222cam a22003615a 4500 | ||
|---|---|---|---|
| 001 | 15147161 | ||
| 005 | 20150816140617.0 | ||
| 008 | 080118t2009 nyua frb 001 0 eng d | ||
| 010 | _a 2008002453 | ||
| 020 | _a0205607675 | ||
| 020 | _a9780205607679 | ||
| 035 | _a(OCoLC)ocn191090394 | ||
| 035 | _a(OCoLC)191090394 | ||
| 040 |
_aDLC _beng _cDLC _dYDX _dEG-ScBUE _dBAKER _dYDXCP _dDLC |
||
| 050 | 0 | 0 |
_aJF1351 _b.S448 2009 |
| 082 | 0 | 4 |
_a351 _bSHA _222 |
| 100 | 1 |
_aShafritz, Jay M. _927337 |
|
| 245 | 1 | 0 |
_aIntroducing public administration / _cJay M. Shafritz, E. W. Russell, Christopher P. Borick. |
| 250 | _a6th ed. | ||
| 260 |
_aNew York : _bPearson Longman, _cc.2009. |
||
| 300 |
_axxii, 582 p. : _bill. ; _c25 cm. |
||
| 500 | _aGlossary : p. 561-567. | ||
| 500 | _aIndex : p. 569-582. | ||
| 504 | _aIncludes bibliographical references. | ||
| 590 | _ayassmeen ashraf | ||
| 650 | 0 |
_aPublic administration _vTextbooks. _927338 _2BUEsh |
|
| 651 | _2BUEsh | ||
| 653 |
_bBUSADM _cAugust2015 |
||
| 700 | 1 |
_aRussell, E. W. _q(Edward W.) _927339 |
|
| 700 | 1 |
_aBorick, Christopher P. _927340 |
|
| 942 |
_2ddc _cBB |
||
| 999 |
_c10252 _d10252 |
||